00920cam a2200265 4500001000800000005001700008008004100025010001700066020001500083040001800098041000800116043002100124080001100145082001500156100000700171101000800178245007700186246007200263246007800335504005300413906004500466942001200511999001700523952011400540457263820180223072226.0740223m19721981ie b 001 0 eng  a 74156782  a0716520850 aDLCcDLCdDLC aeng an-us---ae-uk--- a973.2700a973.27 DAV a16 aHIS10aDocuments of the American Revolution, 1770-1783;cEdited by K.G. Davies.1 iVol. 16 has title:aDocuments of the American Revolution, 1779-17801 iVol. 16 has spine title:aDocuments of the American Revolution, 1770-1783 aIncludes bibliographical references and indexes. a7bcbccorignewd2encipf19gy-gencatlg 2ddccBK c43255d43255 00102udc40708PËKGa002b002cPËKGd2018-02-23l0o973.27 DAVp002-2999698r2018-02-23w2018-02-23yBK